Statistics for Top 10 Largest Universities in Ohio

Click here to take the quiz!

General Stats

  • This quiz has been taken 104 times
  • The average score is 7 of 9

Answer Stats

Total EnrollmentAnswer% Correct
58,322The Ohio State University
100%
29,217Ohio University
90%
20,626University of Toledo
88%
29,477Kent State
84%
35,313University of Cincinnati
83%
23,962University of Akron
82%
18,620Miami University
78%
16,936Cleveland State University
70%
16,842Wright State University
45%

Score Distribution

Percentile by Number Answered

Percent of People with Each Score

Your Score History

You have not taken this quiz